Statistiche per Classifica Serie A 2015-2016

Clicka qui per fare il quiz!

Statistiche generali

  • Questo quiz è stato fatto 32 volte
  • Il punteggio medio è 19 su 20

Statistiche sulle risposte

SquadraPuntiVintePareggiatePerseGol fattiGol subiti% Corretto
Genoa46137184548
100%
Inter67207115038
100%
Juventus9129457520
100%
Lazio54159145252
100%
Milan571512114943
100%
Napoli8225768032
100%
Roma80231147341
100%
Atalanta451112154147
97%
Bologna42119183345
97%
Fiorentina641810106042
97%
Sampdoria401010184861
97%
Torino45129175255
97%
ChievoVerona501311144345
93%
Hellas Verona28513203463
90%
Sassuolo61161394940
90%
Udinese39109193560
90%
Frosinone3187233576
83%
Palermo39109193865
83%
Empoli461210164049
79%
Carpi38911183757
72%

Distribuzione punteggi

Percentile per numero di risposta

Percentuale di utenti per punteggio

I tuoi punteggi nel tempo

Non hai fatto questo quiz